Countries of Europe by Shape - Whammies - Statistics

General Stats
  • This quiz has been taken 2,102 times
  • The average score is 21 of 45
Answer Stats
Picture Answer % Correct
Italy
66%
United Kingdom
64%
Croatia
63%
France
62%
Greece
62%
Norway
62%
Spain
61%
Iceland
59%
Russia
59%
Austria
58%
Germany
58%
Portugal
58%
Ireland
56%
Denmark
54%
Sweden
54%
Finland
51%
Monaco
50%
Netherlands
50%
Ukraine
50%
Bosnia and Herzegovina
47%
Switzerland
47%
Vatican City
47%
Albania
45%
Poland
45%
Serbia
45%
Malta
44%
Moldova
44%
Czech Republic
43%
Kosovo
42%
Latvia
41%
Romania
40%
Hungary
39%
Bulgaria
38%
Estonia
38%
Slovakia
38%
Belarus
37%
Belgium
37%
North Macedonia
37%
Slovenia
35%
Lithuania
34%
Montenegro
34%
Liechtenstein
31%
Luxembourg
31%
San Marino
25%
Andorra
24%
No matching quizzes found
Score Distribution
Percent of People with Each Score
Percentile by Number Answered
Your Score History
You have not taken this quiz